000 00737nam a22002417a 4500
005 20240530110919.0
008 220221s2006 ua a g b 000 0 ara d
017 _a2006/17524
020 _a9773790411
040 _aEG-CaGPL
_cEG-CaGPL
082 0 4 _221
_a332.642\
_bم ب
100 0 _aمحمد الصيرفى
245 1 2 _aالبورصات /
_cمحمد الصيرفى
250 _aط.1
260 _aالاسكندرية :
_bدار الفكر الجامعى،
_c2007
300 _a316 ص؛
_c24 سم
650 0 7 _aالاسواق المالية
_2qrmak
650 0 7 _aالاستثمار
650 0 7 _aالاوراق المالية
651 _2qrmak
942 _2ddc
_cBK
999 _c66449
_d66449